[Event "Первенство Москвы по "]
[Site "Москва"]
[Date "2016.11.16"]
[Round "5.18"]
[White "Karlov, Egor"]
[Black "Brutian, Kristian"]
[Result "1-0"]
[WhiteElo "1623"]
[BlackElo "1481"]
[PlyCount "121"]
[EventDate "2016.11.12"]

1. e4 c5 2. Nf3 d6 3. d4 cxd4 4. Qxd4 Nc6 5. Bb5 Qa5+ 6. Nc3 Bd7 7. Bxc6 Bxc6
8. Bd2 Qc7 9. Qd3 Nf6 10. Nd5 Bxd5 11. exd5 g6 12. Bc3 Bg7 13. O-O-O O-O 14.
Kb1 a6 15. Ng5 h6 16. Nf3 b5 17. Rhg1 Rfb8 18. g4 b4 19. Bxf6 exf6 20. Nd4 a5
21. Nc6 Rb7 22. Rge1 Bf8 23. h4 a4 24. g5 fxg5 25. hxg5 h5 26. f4 b3 27. cxb3
axb3 28. a3 Qd7 29. Rf1 Qf5 30. Qxf5 gxf5 31. Rfe1 Kg7 32. Re3 Rb5 33. Nb4 Raa5
34. Rxb3 Kg8 35. Rh3 Bg7 36. Rxh5 Rc5 37. Rh3 Rc4 38. Rf3 Re4 39. Rff1 Re2 40.
Nc2 Rb5 41. Rc1 Rxd5 42. Rfd1 Red2 43. Rxd2 Rxd2 44. Rf1 d5 45. Kc1 Rh2 46. Rd1
Rh4 47. Rxd5 Rxf4 48. b4 Kh7 49. b5 Kg6 50. b6 Re4 51. b7 Re8 52. Rb5 Rb8 53.
Ne3 f4 54. Nf5 Bf8 55. a4 Kxg5 56. Nd4+ f5 57. Rxf5+ Kg4 58. Rf7 Bd6 59. a5 f3
60. Nxf3 Bf4+ 61. Nd2 1-0

[Event "Первенство Москвы по "]
[Site "Москва"]
[Date "2016.11.16"]
[Round "5.19"]
[White "Trofimov, Boris"]
[Black "Gofman, Lev"]
[Result "0-1"]
[WhiteElo "1441"]
[BlackElo "1622"]
[PlyCount "64"]
[EventDate "2016.11.12"]

1. e4 e6 2. d4 d5 3. exd5 exd5 4. Bd3 Nc6 5. c3 Bd6 6. Nf3 Bg4 7. O-O Nge7 8.
Bg5 f6 9. Be3 Qd7 10. Re1 O-O-O 11. Nbd2 g5 12. Nf1 h5 13. Bd2 Bf5 14. Bxf5
Nxf5 15. Ne3 Nce7 16. Bc1 g4 17. Nxf5 Nxf5 18. Nd2 Rdg8 19. Nf1 Qg7 20. Qd3 Nh4
21. Ng3 Qd7 22. c4 c6 23. cxd5 cxd5 24. Bd2 f5 25. Kh1 f4 26. Ne2 f3 27. g3 Ng2
28. Rg1 h4 29. Nf4 hxg3 30. fxg3 Rxh2+ 31. Kxh2 Rh8+ 32. Nh5 Rxh5# 0-1

[Event "Первенство Москвы по "]
[Site "Москва"]
[Date "2016.11.16"]
[Round "5.20"]
[White "Zherdev, Sviatoslav"]
[Black "Gerasimov, Vadim"]
[Result "0-1"]
[WhiteElo "1412"]
[BlackElo "1566"]
[PlyCount "79"]
[EventDate "2016.11.12"]

1. e4 c5 2. Nf3 d6 3. c3 Nf6 4. Be2 g6 5. O-O Bg7 6. Re1 O-O 7. Bf1 Nc6 8. d4
cxd4 9. cxd4 d5 10. e5 Ne8 11. h3 Bf5 12. Bd3 Bxd3 13. Qxd3 Rc8 14. Nc3 Nc7 15.
Be3 Qd7 16. a3 Na5 17. h4 Rfd8 18. Rad1 Nc4 19. Re2 Na8 20. Bf4 Nc7 21. h5 Qc6
22. Rc1 Ne6 23. Bg5 Rc7 24. hxg6 hxg6 25. Kh2 Qd7 26. Rh1 Rdc8 27. Nd1 b5 28.
Ne3 a5 29. Nxc4 Rxc4 30. Qe3 Qa7 31. Bh6 Nxd4 32. Nxd4 Qxd4 33. Bxg7 Qxe3 34.
Rxe3 Rh4+ 35. Rh3 Rxh3+ 36. Kxh3 Kxg7 37. Rd1 e6 38. Rd2 g5 39. g4 Kg6 40. Rd3
{  } 0-1

[Event "Первенство Москвы по "]
[Site "Москва"]
[Date "2016.11.16"]
[Round "5.24"]
[White "Kalita, Daniil"]
[Black "Kondratiev, Vadim"]
[Result "0-1"]
[WhiteElo "1520"]
[BlackElo "1537"]
[PlyCount "70"]
[EventDate "2016.11.12"]

1. d4 d5 2. c4 c6 3. Nf3 Nf6 4. Bg5 e6 5. Nc3 Nbd7 6. e3 Qa5 7. Bd3 Bb4 8. Qc2
Ne4 9. Bxe4 dxe4 10. Nd2 Qxg5 11. Qxe4 Nf6 12. Qf3 Qg4 13. Qxg4 Nxg4 14. Nde4
Nf6 15. O-O-O Bxc3 16. Nxc3 Bd7 17. f3 O-O-O 18. e4 b6 19. e5 Ne8 20. Ne4 Kb8
21. Ng5 Rf8 22. Nxh7 Rg8 23. Ng5 f5 24. d5 Nc7 25. dxc6 Bxc6 26. Rd6 Rxd6 27.
exd6 Ne8 28. Rd1 Bd7 29. b4 Nf6 30. Nf7 Rc8 31. Ne5 Ba4 32. Rd4 Nd7 33. Nxd7+
Bxd7 34. f4 Rh8 35. Rd2 Rxh2 0-1

[Event "Первенство Москвы по "]
[Site "Москва"]
[Date "2016.11.16"]
[Round "5.25"]
[White "Sheyafetdinov, Daniil"]
[Black "Kim, Andrey"]
[Result "0-1"]
[WhiteElo "1339"]
[BlackElo "1440"]
[PlyCount "64"]
[EventDate "2016.11.12"]

1. d4 d5 2. c4 e6 3. Nc3 Be7 4. cxd5 exd5 5. Nf3 Nf6 6. Bg5 c6 7. e3 h6 8. Bh4
Nbd7 9. Bd3 O-O 10. Qc2 Re8 11. O-O Nf8 12. Rab1 a5 13. a3 Ne4 14. Bxe7 Qxe7
15. b4 axb4 16. axb4 Bf5 17. Bxe4 dxe4 18. Nd2 Nd7 19. b5 c5 20. dxc5 Nxc5 21.
Nb3 Nd3 22. Nd4 Bh7 23. Nd5 Qd6 24. Nc7 Rec8 25. b6 Ra5 26. Qd2 Rh5 27. h3 Qg6
28. Kh2 Ne5 29. Ne2 Rg5 30. Nf4 Rxg2+ 31. Nxg2 Nf3+ 32. Kh1 Nxd2 0-1

[Event "Первенство Москвы по "]
[Site "Москва"]
[Date "2016.11.16"]
[Round "5.26"]
[White "Kazakov, Gleb"]
[Black "Morozov, Yury"]
[Result "0-1"]
[WhiteElo "1366"]
[BlackElo "1552"]
[PlyCount "40"]
[EventDate "2016.11.12"]

1. e4 e5 2. Nf3 Nc6 3. Bc4 Bc5 4. c3 Qe7 5. d4 Bb6 6. O-O d6 7. Re1 Nf6 8. Bg5
O-O 9. h3 Kh8 10. d5 Nb8 11. a4 a5 12. Nbd2 h6 13. Bxf6 Qxf6 14. Nf1 Qg6 15.
Ng3 Qxg3 16. Qe2 Bxh3 17. Qf1 Qxf3 18. gxf3 Bxf1 19. Kxf1 Nd7 20. Kg2 Nf6 0-1

[Event "Первенство Москвы по "]
[Site "Москва"]
[Date "2016.11.16"]
[Round "5.27"]
[White "Denisov, Mikhail"]
[Black "Dubinenko, Konstantin"]
[Result "1-0"]
[WhiteElo "1365"]
[BlackElo "1519"]
[PlyCount "51"]
[EventDate "2016.11.12"]

1. e4 e5 2. Nf3 Nc6 3. d4 exd4 4. Nxd4 Nf6 5. Nxc6 bxc6 6. e5 Qe7 7. Qe2 Nd5 8.
c4 Nb6 9. b3 Qe6 10. f4 a5 11. Bb2 Bb4+ 12. Nd2 O-O 13. a3 Be7 14. g4 d5 15. f5
Qd7 16. O-O-O Bg5 17. h4 Bxd2+ 18. Qxd2 a4 19. f6 Qxg4 20. Be2 Qf5 21. Bd3 Qh5
22. Rdg1 g6 23. Rg5 Qf3 24. Rf1 Qh3 25. Rh5 Qg2 26. Qh6 1-0

[Event "Первенство Москвы по "]
[Site "Москва"]
[Date "2016.11.16"]
[Round "5.28"]
[White "Knjazev, Artem"]
[Black "Makshanov, Matvey"]
[Result "1-0"]
[WhiteElo "1476"]
[BlackElo "1353"]
[PlyCount "87"]
[EventDate "2016.11.12"]

1. e4 e5 2. Nf3 Nc6 3. Bb5 a6 4. Bxc6 dxc6 5. O-O Bd6 6. d4 Bg4 7. dxe5 Bxf3 8.
Qxf3 Bxe5 9. Nc3 Qf6 10. Qxf6 Nxf6 11. Bd2 O-O 12. f3 Rad8 13. Bg5 h6 14. Bh4
g5 15. Bg3 Bxg3 16. hxg3 Rd2 17. Rac1 Rfd8 18. Rcd1 Kg7 19. Rxd2 Rxd2 20. Rf2
Rxf2 21. Kxf2 Nd7 22. Ke3 Kf6 23. Ne2 c5 24. g4 Ne5 25. b3 c4 26. b4 Nc6 27. c3
Ke5 28. g3 b5 29. f4+ Ke6 30. Nd4+ Nxd4 31. Kxd4 Kd6 32. e5+ Kc6 33. f5 Kd7 34.
Kd5 c6+ 35. Kc5 Kc7 36. e6 fxe6 37. fxe6 Kd8 38. Kd6 c5 39. bxc5 b4 40. c6 bxc3
41. c7+ Kc8 42. e7 Kb7 43. e8=Q c2 44. Qb8# 1-0

[Event "Первенство Москвы по "]
[Site "Москва"]
[Date "2016.11.16"]
[Round "5.29"]
[White "Khegay, Ivan"]
[Black "Dorofeev, Fedor"]
[Result "1/2-1/2"]
[WhiteElo "1206"]
[BlackElo "1460"]
[PlyCount "85"]
[EventDate "2016.11.12"]

1. e4 a6 2. d4 b5 3. Nc3 Bb7 4. a3 e6 5. Bd3 c5 6. dxc5 Bxc5 7. Nf3 Nf6 8. O-O
O-O 9. Bg5 Be7 10. h3 d6 11. Nd4 Nbd7 12. Nde2 Nc5 13. f3 Rc8 14. Ng3 Nxd3 15.
Qxd3 Qb6+ 16. Be3 Qc7 17. Rad1 Qc4 18. Bg5 Qxd3 19. Rxd3 Rfd8 20. Rfd1 Rd7 21.
e5 Nd5 22. Nxd5 Bxd5 23. Bxe7 Rxe7 24. exd6 Rd7 25. c3 Rxd6 26. Nf5 Rd7 27. Ne3
Rcd8 28. Kf2 Bc6 29. Rxd7 Rxd7 30. Rxd7 Bxd7 31. c4 bxc4 32. Nxc4 Kf8 33. Ke3
Ke7 34. h4 f6 35. f4 Bb5 36. Nd2 e5 37. fxe5 fxe5 38. Ne4 h6 39. g3 Ke6 40. b4
Kd5 41. Nd2 Bc6 42. Nb3 Bb5 43. Nd2 1/2-1/2

[Event "Первенство Москвы по "]
[Site "Москва"]
[Date "2016.11.16"]
[Round "5.32"]
[White "Ratataev, Ilya"]
[Black "Pryamikov, Dmitriy"]
[Result "0-1"]
[WhiteElo "1262"]
[BlackElo "1398"]
[PlyCount "42"]
[EventDate "2016.11.12"]

1. e4 e6 2. d4 d5 3. Nc3 Nf6 4. e5 Nfd7 5. Be3 a6 6. Nf3 c5 7. Be2 cxd4 8. Bxd4
Nc6 9. Be3 Ndxe5 10. O-O Nxf3+ 11. Bxf3 Bd6 12. Re1 O-O 13. a4 Bc7 14. Bd2 Qd6
15. g3 b6 16. Bg2 Bb7 17. Bf4 Qd7 18. Bxc7 Qxc7 19. h4 Rac8 20. Rc1 Na5 21. Qg4
Qc4 {  } 0-1

[Event "Первенство Москвы по "]
[Site "Москва"]
[Date "2016.11.17"]
[Round "6.7"]
[White "Yudin, Mikhail"]
[Black "Tarasov, Danila"]
[Result "0-1"]
[WhiteElo "1585"]
[BlackElo "1659"]
[PlyCount "154"]
[EventDate "2016.11.12"]

1. e4 Nf6 2. e5 Nd5 3. d4 d6 4. c4 Nb6 5. exd6 cxd6 6. Nc3 g6 7. Be3 Bg7 8. Rc1
O-O 9. Nf3 Nc6 10. b3 Bg4 11. Be2 e5 12. d5 Bxf3 13. Bxf3 Nd4 14. Bxd4 exd4 15.
Ne2 Qf6 16. O-O Nd7 17. b4 Rac8 18. Be4 Rfe8 19. Ng3 Qf4 20. Re1 Ne5 21. Bd3
Bh6 22. Rb1 Qd2 23. Ne4 Qxd1 24. Rexd1 Red8 25. c5 dxc5 26. bxc5 Nxd3 27. Rxd3
Bg7 28. Nd6 Rc7 29. Rdb3 Bf8 30. Nxb7 Rxd5 31. h3 Bxc5 32. Rb5 d3 33. Rxc5
Rcxc5 34. Nxc5 Rxc5 35. Rd1 Rc3 36. Kf1 Kg7 37. Ke1 Kf6 38. Kd2 Rc2+ 39. Ke3
Re2+ 40. Kf3 Rxa2 41. Rxd3 a5 42. g3 a4 43. Re3 a3 44. h4 Ra1 45. Kg4 h5+ 46.
Kf4 Rf1 47. Rxa3 Rxf2+ 48. Ke3 Rf5 49. Ra6+ Kg7 50. Ke4 Kh6 51. Rb6 Rf1 52. Ke3
Kg7 53. Ke2 Rf6 54. Rb5 Kh6 55. Ke3 Rf1 56. Ke2 Rf5 57. Rxf5 gxf5 58. Ke3 Kg6
59. Kf3 Kg7 60. Ke3 f6 61. Kf3 Kf7 62. Ke3 Ke7 63. Kf3 Kd6 64. Kf4 Ke6 65. Kf3
Ke5 66. Ke3 f4+ 67. gxf4+ Kd5 68. Kf3 Kd4 69. Kg3 Ke4 70. f5 Kxf5 71. Kf3 Ke5
72. Ke3 f5 73. Kf3 f4 74. Kf2 Ke4 75. Ke2 f3+ 76. Kf2 Kf4 77. Kf1 Kg3 0-1

[Event "Первенство Москвы по "]
[Site "Москва"]
[Date "2016.11.17"]
[Round "6.8"]
[White "Vdovin, Georgy"]
[Black "Kuprin, Alexander"]
[Result "1/2-1/2"]
[WhiteElo "1637"]
[BlackElo "1648"]
[PlyCount "90"]
[EventDate "2016.11.12"]

1. d4 d6 2. Nf3 g6 3. e4 Bg7 4. c3 Nd7 5. Bd3 c5 6. d5 Ngf6 7. h3 O-O 8. Bf4 c4
9. Bxc4 Nxe4 10. Nbd2 Nxd2 11. Qxd2 Nf6 12. O-O Bd7 13. Rfe1 Rc8 14. Qe2 Re8
15. Rad1 Nh5 16. Bg5 Nf6 17. Bb3 h6 18. Be3 b6 19. Bd4 Qc7 20. Qd2 g5 21. c4
Bf5 22. Ba4 Bd7 23. Bxd7 Qxd7 24. b3 Qf5 25. Qd3 Qxd3 26. Rxd3 Nh5 27. Rde3 Kf8
28. Bxg7+ Nxg7 29. Nd4 Rc7 30. g4 Kg8 31. Kg2 f6 32. Ne6 Nxe6 33. Rxe6 Kf7 34.
R1e3 Rc5 35. Kf3 b5 36. R6e4 b4 37. Re2 a5 38. Re1 Rc7 39. Ke3 Ra8 40. Kd3 a4
41. R1e2 axb3 42. axb3 Ra3 43. Rb2 Rca7 44. Kc2 Kg6 45. f3 h5 1/2-1/2

[Event "Первенство Москвы по "]
[Site "Москва"]
[Date "2016.11.17"]
[Round "6.9"]
[White "Gerasimov, Vadim"]
[Black "Rustamov, Sezqin"]
[Result "0-1"]
[WhiteElo "1566"]
[BlackElo "1798"]
[PlyCount "58"]
[EventDate "2016.11.12"]

1. e4 e5 2. Nf3 Nc6 3. d4 exd4 4. Nxd4 d6 5. Bc4 Nf6 6. Nc3 g6 7. h3 Bg7 8. Be3
O-O 9. O-O Re8 10. f3 Na5 11. Bd3 d5 12. Bf2 c5 13. Ndb5 a6 14. Na3 d4 15. Ne2
b5 16. Ng3 Be6 17. c3 dxc3 18. bxc3 Nd7 19. Qc2 c4 20. Be2 h5 21. Rfd1 Qg5 22.
Kh1 Rab8 23. Rab1 Bf8 24. Qb2 Nc5 25. Nc2 Na4 26. Qc1 Qxc1 27. Rbxc1 Nxc3 28.
Rd2 Nxa2 29. Ra1 c3 0-1

[Event "Первенство Москвы по "]
[Site "Москва"]
[Date "2016.11.17"]
[Round "6.10"]
[White "Zaitsev, Yuriy"]
[Black "Pavlov, Mark"]
[Result "1-0"]
[WhiteElo "1523"]
[BlackElo "1734"]
[PlyCount "80"]
[EventDate "2016.11.12"]

1. e4 e6 2. d4 d5 3. exd5 exd5 4. c4 Bb4+ 5. Nc3 Ne7 6. Nf3 O-O 7. Bd3 Bf5 8.
O-O Bxd3 9. Qxd3 c6 10. Re1 Nd7 11. Bd2 Bxc3 12. bxc3 dxc4 13. Qxc4 b5 14. Qd3
Nb6 15. Re2 Ng6 16. Rae1 Qd7 17. Ne5 Nxe5 18. Rxe5 Rfe8 19. Qf5 Rxe5 20. Qxe5
Nc4 21. Qe2 Kf8 22. Bf4 Re8 23. Qxe8+ Qxe8 24. Rxe8+ Kxe8 25. Kf1 Kd7 26. Ke2
Ke6 27. Bc1 a5 28. Kd3 Kd5 29. g4 a4 30. a3 f6 31. f3 g5 32. h3 h6 33. Kc2 Nd6
34. Kd3 Nc4 35. Ke2 Nd6 36. Bd2 Ke6 37. Bc1 Kd5 38. Bd2 Nb7 39. Be3 Na5 40. Bc1
Nc4 {  } 1-0

[Event "Первенство Москвы по "]
[Site "Москва"]
[Date "2016.11.17"]
[Round "6.11"]
[White "Kireev, Igor"]
[Black "Levkin, Lev"]
[Result "1/2-1/2"]
[WhiteElo "1479"]
[BlackElo "1711"]
[PlyCount "85"]
[EventDate "2016.11.12"]

1. e4 c5 2. Nf3 Nc6 3. d4 cxd4 4. Nxd4 Nf6 5. Nc3 e5 6. Ndb5 d6 7. Bg5 a6 8.
Bxf6 gxf6 9. Na3 b5 10. Nd5 Bg7 11. c3 O-O 12. Nc2 f5 13. Bd3 Be6 14. Nce3 f4
15. Nf5 Qg5 16. O-O Bxf5 17. exf5 Ne7 18. Be4 Ra7 19. Qd3 Nxd5 20. Qxd5 Qe7 21.
Rad1 Rd8 22. Rd3 Rc7 23. Rfd1 Bf8 24. Rh3 h6 25. b4 Kh8 26. Rhd3 f6 27. Kf1 Qf7
28. g3 Qxd5 29. Bxd5 fxg3 30. Rxg3 Bg7 31. Ke2 Ra7 32. Kd3 a5 33. a3 axb4 34.
axb4 Ra6 35. Rg6 Rd7 36. Be6 Rc7 37. Kc2 Kh7 38. Kb2 Kh8 39. Kb3 Kh7 40. Kb2
Kh8 41. Kb3 Kh7 42. Kb2 Kh8 43. Kb3 1/2-1/2

[Event "Первенство Москвы по "]
[Site "Москва"]
[Date "2016.11.17"]
[Round "6.12"]
[White "Nasyrov, Anton"]
[Black "Ivanov, Artem T"]
[Result "0-1"]
[WhiteElo "1485"]
[BlackElo "1660"]
[PlyCount "98"]
[EventDate "2016.11.12"]

1. e4 e5 2. Nf3 Nc6 3. Bb5 a6 4. Ba4 Nf6 5. d3 b5 6. Bb3 Bc5 7. h3 d6 8. c3 O-O
9. Nbd2 Be6 10. Nf1 d5 11. Qe2 a5 12. Ng3 a4 13. Bxd5 Bxd5 14. exd5 Qxd5 15.
O-O Rad8 16. Ne4 Be7 17. Nxf6+ Bxf6 18. c4 Qxd3 19. Qxd3 Rxd3 20. cxb5 Na7 21.
Re1 Rd5 22. Re4 Nxb5 23. Rxa4 Rd1+ 24. Kh2 Rfd8 25. Re4 Nd6 26. Re1 Nc4 27. b3
Rxe1 28. Nxe1 e4 29. Rb1 Nd2 30. Bxd2 Rxd2 31. a4 Rxf2 32. b4 Ra2 33. a5 Kf8
34. Rc1 Ke8 35. Rc4 Be5+ 36. Kg1 f5 37. g4 g6 38. gxf5 gxf5 39. Nc2 Kf7 40. Ne3
Ke6 41. Rc6+ Bd6 42. a6 f4 43. Ng4 Kd5 44. b5 Bc5+ 45. Kf1 e3 46. Rxc7 e2+ 47.
Ke1 Bb4+ 48. Kf2 e1=Q+ 49. Kf3 Qg3# 0-1

[Event "Первенство Москвы по "]
[Site "Москва"]
[Date "2016.11.17"]
[Round "6.13"]
[White "Gubanov, Timofey"]
[Black "Ivanov, Stepan"]
[Result "1/2-1/2"]
[WhiteElo "1624"]
[BlackElo "1558"]
[PlyCount "102"]
[EventDate "2016.11.12"]

1. d4 Nf6 2. c4 c5 3. d5 b5 4. cxb5 a6 5. bxa6 Bxa6 6. Nc3 g6 7. g3 d6 8. Bg2
Bg7 9. e4 Nbd7 10. Nge2 O-O 11. O-O Qa5 12. Re1 Ne5 13. Nf4 Rfb8 14. Qc2 Nfd7
15. Bf1 Bxf1 16. Kxf1 Ra7 17. Kg2 Nc4 18. Nfe2 Rab7 19. b3 Na3 20. Bxa3 Qxa3
21. Rac1 Ra8 22. f4 Nb8 23. Rcd1 Na6 24. Nc1 Nb4 25. Qd2 Bxc3 26. Qxc3 Nxa2 27.
Nxa2 Qxa2+ 28. Rd2 Qxb3 29. Qxb3 Rxb3 30. Rc2 Kf8 31. Kf2 Raa3 32. Ree2 Rf3+
33. Kg2 Rfe3 34. Kf2 Rxe2+ 35. Kxe2 Kg7 36. Rb2 h5 37. e5 dxe5 38. fxe5 Ra4 39.
Ke3 Rd4 40. Rd2 Rxd2 41. Kxd2 f6 42. e6 Kf8 43. Kc3 Ke8 44. Kc4 Kd8 45. Kxc5
Kc7 46. h3 h4 47. g4 f5 48. gxf5 gxf5 49. d6+ exd6+ 50. Kd5 f4 51. Ke4 Kd8
1/2-1/2

[Event "Первенство Москвы по "]
[Site "Москва"]
[Date "2016.11.17"]
[Round "6.14"]
[White "Girshgorn, Leonid"]
[Black "Karlov, Egor"]
[Result "1/2-1/2"]
[WhiteElo "1518"]
[BlackElo "1623"]
[PlyCount "80"]
[EventDate "2016.11.12"]

1. d4 d5 2. c4 c6 3. e3 Nf6 4. Nf3 Bf5 5. Nc3 e6 6. Bd3 Bxd3 7. Qxd3 Nbd7 8.
O-O Bb4 9. Bd2 a5 10. Rac1 Bxc3 11. Rxc3 O-O 12. Rb3 Qc7 13. c5 Ne4 14. Rc1
Ndf6 15. Ne5 Nd7 16. Nxd7 Qxd7 17. a4 f5 18. f3 Nf6 19. Be1 Nh5 20. Bg3 Nxg3
21. hxg3 Qc7 22. f4 Qf7 23. Rb6 Rfb8 24. Rc3 Qg6 25. Kf2 Qf7 26. Rcb3 h6 27.
Qc3 Qd7 28. Ra3 Ra7 29. b4 axb4 30. Qxb4 Qc7 31. a5 Ra6 32. Rb3 Rba8 33. Rxb7
Qxa5 34. Qxa5 Rxa5 35. Rb8+ Kf7 36. R3b7+ Kf6 37. Rxa8 Rxa8 38. Rb6 Ra2+ 39.
Kf1 Ra1+ 40. Kf2 Ra2+ 1/2-1/2

[Event "Первенство Москвы по "]
[Site "Москва"]
[Date "2016.11.17"]
[Round "6.16"]
[White "Kondratiev, Vadim"]
[Black "Soloviev, Vladislav"]
[Result "0-1"]
[WhiteElo "1537"]
[BlackElo "1669"]
[PlyCount "78"]
[EventDate "2016.11.12"]

1. d4 Nf6 2. Nf3 g6 3. c4 Bg7 4. Bf4 c5 5. e3 O-O 6. Be2 d6 7. O-O b6 8. Nc3
Bb7 9. Qd2 Nbd7 10. Rad1 Qc7 11. Rfe1 Rad8 12. h3 Rfe8 13. b3 a6 14. Qc2 e5 15.
Bh2 Qb8 16. dxe5 dxe5 17. e4 Nf8 18. Nd5 N6d7 19. Bf1 Ne6 20. Rd2 Qc8 21. Bg3
f6 22. Kh1 Kf7 23. Red1 Nd4 24. Nxd4 cxd4 25. Bd3 Bxd5 26. cxd5 Qxc2 27. Rxc2
Nc5 28. Bc4 Nxe4 29. Bxa6 Nc3 30. Rdc1 Ra8 31. Bc4 Nxa2 32. d6+ Kf8 33. d7 Red8
34. Ra1 Nc3 35. Rxa8 Rxa8 36. f4 Ke7 37. fxe5 fxe5 38. Rf2 Bf6 39. Rxf6 Kxf6
0-1

[Event "Первенство Москвы по "]
[Site "Москва"]
[Date "2016.11.17"]
[Round "6.17"]
[White "Efimov, Ivan"]
[Black "Akhmetshin, Alexander"]
[Result "0-1"]
[WhiteElo "1486"]
[BlackElo "1666"]
[PlyCount "74"]
[EventDate "2016.11.12"]

1. e4 e6 2. d3 d5 3. Nd2 Nf6 4. g3 dxe4 5. dxe4 e5 6. Ngf3 Nc6 7. Bg2 Bc5 8.
O-O O-O 9. c3 Bg4 10. Qc2 Qe7 11. b4 Bb6 12. a4 a6 13. Ba3 Na7 14. a5 Nb5 15.
axb6 Nxa3 16. Rxa3 cxb6 17. Nc4 Bxf3 18. Bxf3 b5 19. Nb6 Rad8 20. Raa1 Qc7 21.
Nd5 Nxd5 22. exd5 f5 23. Qb3 e4 24. Be2 Qe5 25. Rad1 Rd6 26. f3 f4 27. g4 h5
28. fxe4 hxg4 29. Bxg4 Rg6 30. h3 f3 31. d6+ Kh7 32. Rf2 Rf4 33. Rd3 Qxe4 34.
Qd1 Rfxg4+ 35. hxg4 Qxg4+ 36. Kh1 Rh6+ 37. Rh2 Qg2# 0-1

[Event "Первенство Москвы по "]
[Site "Москва"]
[Date "2016.11.17"]
[Round "6.18"]
[White "Kim, Andrey"]
[Black "Kurus, Artem"]
[Result "0-1"]
[WhiteElo "1440"]
[BlackElo "1598"]
[PlyCount "126"]
[EventDate "2016.11.12"]

1. d4 Nf6 2. c4 g6 3. Nc3 Bg7 4. g3 O-O 5. Bg2 d6 6. e3 c6 7. Nge2 Qc7 8. O-O
e5 9. b3 Nh5 10. Bb2 f5 11. f4 Nd7 12. d5 Rb8 13. dxc6 bxc6 14. Ba3 Nc5 15. Qc2
e4 16. Rad1 Nf6 17. Bh3 a5 18. Rd2 Nd3 19. Nc1 Nb4 20. Bxb4 axb4 21. Na4 Rf7
22. Rfd1 d5 23. Ne2 Re7 24. Rc1 Qb7 25. Kf2 h5 26. Nd4 Ra8 27. cxd5 cxd5 28.
Qc6 Qxc6 29. Nxc6 Rc7 30. Rdc2 Bf8 31. Nb6 Ra6 32. Nxc8 Rxc8 33. Ne7+ Bxe7 34.
Rxc8+ Kf7 35. R1c2 Ne8 36. Bf1 Ra7 37. R8c6 Nf6 38. h3 Rd7 39. Bb5 Rb7 40. Ba4
d4 41. exd4 Nd5 42. Rc8 Nc3 43. Be8+ Kg7 44. Rd2 Nd5 45. Kg2 Ra7 46. Bc6 Nc3
47. Ba4 Ra6 48. Rc7 Kf7 49. d5 Rd6 50. Rd7 Rxd7 51. Bxd7 Bd6 52. Be6+ Kf6 53.
Rc2 h4 54. a3 hxg3 55. axb4 Nd1 56. Kxg3 g5 57. Rc6 gxf4+ 58. Kg2 f3+ 59. Kf1
Bxb4 60. Bc8+ Ke5 61. Ba6 Kxd5 62. Rc1 Nc3 63. Bc4+ Ke5 0-1

[Event "Первенство Москвы по "]
[Site "Москва"]
[Date "2016.11.17"]
[Round "6.20"]
[White "Tishkin, Boris"]
[Black "Kozlov, Kirill"]
[Result "1-0"]
[WhiteElo "1527"]
[BlackElo "1654"]
[PlyCount "93"]
[EventDate "2016.11.12"]

1. d4 Nf6 2. c4 d6 3. Nc3 g6 4. e4 Bg7 5. Nf3 O-O 6. Be2 Nc6 7. O-O e5 8. d5
Ne7 9. Ne1 Ne8 10. Nd3 f5 11. f3 f4 12. Bd2 Kh8 13. b4 Ng8 14. c5 Bf6 15. a4
Bh4 16. cxd6 cxd6 17. a5 Qg5 18. g4 Ngf6 19. Qc1 Qh6 20. a6 b6 21. Nb5 Bd7 22.
Nb2 Qg5 23. Nd4 Rc8 24. Nc6 h5 25. h3 Bg3 26. Be1 Qh4 27. Kg2 Bxe1 28. Qxe1
Qxe1 29. Rfxe1 Bxc6 30. dxc6 Rxc6 31. Rac1 Rxc1 32. Rxc1 Rf7 33. Rc6 Kg7 34.
Nc4 Rd7 35. g5 Ng8 36. Rc8 Kf7 37. Nxb6 axb6 38. Bb5 Re7 39. Bxe8+ Kg7 40. Bc6
Ra7 41. Ra8 Rc7 42. a7 Ne7 43. Rg8+ Kxg8 44. a8=Q+ Kg7 45. b5 Nc8 46. Qb8 Ra7
47. Qxc8 1-0

[Event "Первенство Москвы по "]
[Site "Москва"]
[Date "2016.11.17"]
[Round "6.21"]
[White "Morozov, Yury"]
[Black "Knjazev, Artem"]
[Result "0-1"]
[WhiteElo "1552"]
[BlackElo "1476"]
[PlyCount "118"]
[EventDate "2016.11.12"]

1. f4 e6 2. Nf3 b6 3. e3 Nf6 4. d4 Be7 5. c3 Bb7 6. Bd3 d5 7. O-O Nbd7 8. Nbd2
c6 9. Ne5 Qc7 10. Ndf3 h6 11. Qc2 Rf8 12. f5 Nxe5 13. Nxe5 O-O-O 14. fxe6 fxe6
15. Ng6 Ng4 16. Nxe7+ Qxe7 17. h3 Rxf1+ 18. Bxf1 Nf6 19. Bd2 g5 20. Be1 g4 21.
h4 Rg8 22. g3 Qd6 23. Kh2 c5 24. Bg2 c4 25. Bf2 Bc6 26. Rf1 Qe7 27. Be1 Be8 28.
Qf2 Rf8 29. Qc2 Qg7 30. Rf4 Bg6 31. Qd2 Ne4 32. Bxe4 Bxe4 33. Rxf8+ Qxf8 34.
Qf2 Qxf2+ 35. Bxf2 Bb1 36. a3 h5 37. Kg1 Bd3 38. Be1 Kb7 39. Kf2 Ka6 40. Bd2
Kb5 41. Ke1 Bc2 42. Bc1 Ka4 43. Ke2 Kb3 44. Kd2 Bd3 45. a4 a5 46. e4 Bxe4 47.
Ke1 Kxa4 48. Bg5 b5 49. Kd2 Kb3 50. Kc1 a4 51. Be7 e5 52. dxe5 d4 53. cxd4 Bd5
54. Kb1 b4 55. Bg5 c3 56. bxc3 Kxc3 57. Kc1 b3 58. Kb1 b2 59. Be7 Kb3 0-1

[Event "Первенство Москвы по "]
[Site "Москва"]
[Date "2016.11.17"]
[Round "6.22"]
[White "Kushnarenko, Egor"]
[Black "Trofimov, Boris"]
[Result "1/2-1/2"]
[WhiteElo "1544"]
[BlackElo "1441"]
[PlyCount "130"]
[EventDate "2016.11.12"]

1. e4 c6 2. d4 d5 3. exd5 cxd5 4. Bd3 Nc6 5. c3 Nf6 6. Bf4 Bg4 7. Qb3 Qb6 8.
Qxb6 axb6 9. h3 Bh5 10. Nd2 Kd7 11. Ngf3 e6 12. Ne5+ Nxe5 13. dxe5 Ne8 14. O-O
Nc7 15. Nb3 Bg6 16. Bxg6 hxg6 17. Be3 b5 18. Nd4 Bc5 19. Nxb5 Bxe3 20. Nxc7 Bf4
21. Nxa8 Rxa8 22. Rfe1 Bg5 23. a3 Kc6 24. Rad1 Ra6 25. g3 Rb6 26. Re2 Rb3 27.
Rd4 Kc5 28. Rb4 Rxb4 29. axb4+ Kc4 30. f4 Bd8 31. Kf2 Bb6+ 32. Ke1 Kb3 33. Kd1
Ba7 34. Kc1 b5 35. Kb1 Bb6 36. g4 d4 37. cxd4 Bxd4 38. h4 Kxb4 39. Kc2 Kc4 40.
h5 Kd5 41. hxg6 fxg6 42. Kd3 g5 43. Re4 Bxb2 44. Rb4 Bc1 45. Rxb5+ Kc6 46. Ra5
gxf4 47. Ke4 g5 48. Ra8 Kd7 49. Rg8 Ke7 50. Rxg5 f3 51. Rh5 f2 52. Rh1 Bd2 53.
Rf1 Be1 54. Kf4 Bd2+ 55. Ke4 Be1 56. Kd4 Kf7 57. Kc5 Kg6 58. Kd6 Kg5 59. Kxe6
Kxg4 60. Kd7 Kg3 61. e6 Bb4 62. Rb1 Bc5 63. Kc6 Be7 64. Kd7 Bc5 65. Rc1 Bb4
1/2-1/2

[Event "Первенство Москвы по "]
[Site "Москва"]
[Date "2016.11.17"]
[Round "6.23"]
[White "Baituganov, Vyacheslav"]
[Black "Zherdev, Sviatoslav"]
[Result "1-0"]
[WhiteElo "1537"]
[BlackElo "1412"]
[PlyCount "81"]
[EventDate "2016.11.12"]

1. e4 d5 2. exd5 Nf6 3. Nc3 Nxd5 4. Bc4 c6 5. d4 g6 6. Nf3 Bg7 7. h3 O-O 8. O-O
Be6 9. Bb3 Nd7 10. Ne4 Bf5 11. Ng3 e6 12. c3 Re8 13. Re1 f6 14. Bc2 Bxc2 15.
Qxc2 Kh8 16. Ne4 Qc7 17. b3 e5 18. Bb2 f5 19. Ng3 e4 20. Nd2 N7f6 21. Nc4 c5
22. Rac1 cxd4 23. cxd4 Nb4 24. Qb1 Nd3 25. Ne5 Nxc1 26. Rxc1 Qe7 27. Rc4 Nd5
28. Qc1 Bxe5 29. dxe5 f4 30. Nxe4 h5 31. Rc5 Nb4 32. Qc4 Nc6 33. e6+ Kg8 34.
Nf6+ Kf8 35. Nd7+ Kg8 36. Nf6+ Kf8 37. Nxe8 Kxe8 38. Rxc6 Qg5 39. Rc8+ Rxc8 40.
Qxc8+ Ke7 41. Qd7+ 1-0

[Event "Первенство Москвы по "]
[Site "Москва"]
[Date "2016.11.17"]
[Round "6.24"]
[White "Pischik, Aleksei"]
[Black "Denisov, Mikhail"]
[Result "1-0"]
[WhiteElo "1533"]
[BlackElo "1365"]
[PlyCount "44"]
[EventDate "2016.11.12"]

1. e4 e5 2. Nf3 Nc6 3. Bc4 Bc5 4. c3 Nf6 5. d4 exd4 6. e5 Ng4 7. cxd4 Bb4+ 8.
Bd2 d5 9. Bb5 Bxd2+ 10. Nbxd2 Bd7 11. Bxc6 Bxc6 12. h3 Nh6 13. O-O Qd7 14. Rc1
O-O-O 15. Nb3 b6 16. Qc2 Bb7 17. Rfe1 Kb8 18. Nbd2 Nf5 19. Nf1 h5 20. Ne3 Ne7
21. Red1 Rdg8 22. Ng5 Nc6 {  } 1-0

[Event "Первенство Москвы по "]
[Site "Москва"]
[Date "2016.11.17"]
[Round "6.25"]
[White "Brutian, Kristian"]
[Black "Boger, Juri"]
[Result "0-1"]
[WhiteElo "1481"]
[BlackElo "1542"]
[PlyCount "32"]
[EventDate "2016.11.12"]

1. e4 c5 2. Nf3 d6 3. d4 cxd4 4. Nxd4 Nf6 5. Nc3 g6 6. Be3 Bg7 7. f3 O-O 8. Qd2
Nc6 9. Bc4 Bd7 10. O-O Nxd4 11. Bxd4 Rc8 12. Bb3 b5 13. g4 b4 14. Nd5 Nxd5 15.
Bxg7 Kxg7 16. Bxd5 Qb6+ {  } 0-1